Пьезоэлектрические свойства наноструктурной керамики на основе титаната бария; Перспективы развития фундаментальных наук; Т. 2 : Химия

Dades bibliogràfiques
Parent link:Перспективы развития фундаментальных наук=Prospects of Fundamental Sciences Development: сборник научных трудов XIX Международной конференции студентов, аспирантов и молодых ученых, г. Томск, 26-29 апреля 2022 г./ Национальный исследовательский Томский политехнический университет (ТПУ) ; под ред. И. А. Курзиной, Г. А. Вороновой.— , 2022
Т. 2 : Химия.— 2022.— [C. 73-75]
Autor principal: Прач А. А. Анастасия Александровна
Autor corporatiu: Национальный исследовательский Томский политехнический университет Исследовательская школа химических и биомедицинских технологий Научно-исследовательский центр "Физическое материаловедение и композитные материалы"
Altres autors: Дабаева Д. С. Долсанма Саяновна (научный руководитель), Волов А. А. Артем Александрович, Сурменев Р. А. Роман Анатольевич
Sumari:Заглавие с экрана
In the present study, we investigated the piezoelectric and dielectric properties of barium titanate ceramics prepared by the Pechini type reaction. The XRD result showed the predominance of the tetragonal phase in BaTiO3.
Idioma:rus
Publicat: 2022
Matèries:
Accés en línia:http://earchive.tpu.ru/handle/11683/72941
Format: MixedMaterials Electrònic Capítol de llibre
KOHA link:https://koha.lib.tpu.ru/cgi-bin/koha/opac-detail.pl?biblionumber=634737

MARC

LEADER 00000naa2a2200000 4500
001 634737
005 20250606142931.0
035 |a (RuTPU)RU\TPU\conf\36555 
035 |a RU\TPU\conf\36554 
090 |a 634737 
100 |a 20220831d2022 k y0rusy50 ca 
101 0 |a rus 
102 |a RU 
135 |a drcn ---uucaa 
181 0 |a i  
182 0 |a b 
200 1 |a Пьезоэлектрические свойства наноструктурной керамики на основе титаната бария  |d Piezoelectric properties of nanostructured ceramics based on barium titanate  |f А. А. Прач, Д. С. Дабаева, А. А. Волов  |g науч. рук. Р. А. Сурменев 
203 |a Текст  |c электронный 
300 |a Заглавие с экрана 
320 |a [Библиогр.: с. 75 (6 назв.)] 
330 |a In the present study, we investigated the piezoelectric and dielectric properties of barium titanate ceramics prepared by the Pechini type reaction. The XRD result showed the predominance of the tetragonal phase in BaTiO3. 
461 1 |0 (RuTPU)RU\TPU\conf\36478  |t Перспективы развития фундаментальных наук  |l Prospects of Fundamental Sciences Development  |o сборник научных трудов XIX Международной конференции студентов, аспирантов и молодых ученых, г. Томск, 26-29 апреля 2022 г.  |o в 7 т.  |f Национальный исследовательский Томский политехнический университет (ТПУ) ; под ред. И. А. Курзиной, Г. А. Вороновой  |d 2022 
463 1 |0 (RuTPU)RU\TPU\conf\36550  |t Т. 2 : Химия  |v [C. 73-75]  |d 2022 
510 1 |a Piezoelectric properties of nanostructured ceramics based on barium titanate  |z eng 
610 1 |a электронный ресурс 
610 1 |a труды учёных ТПУ 
610 1 |a пьезоэлектрические свойства 
610 1 |a наноструктурная керамика 
610 1 |a титанат бария 
610 1 |a перовскиты 
610 1 |a сегнетоэлектрические свойства 
610 1 |a пьезоэлектрические материалы 
610 1 |a токсичность 
610 1 |a метод Печини 
700 1 |a Прач  |b А. А.  |g Анастасия Александровна  |f 1999-  |c химик  |c инженер Томского политехнического университета  |y Томск  |3 (RuTPU)RU\TPU\pers\46887  |9 22509 
701 1 |a Дабаева  |b Д. С.  |c специалист в области материаловедения  |c лаборант кафедры Томского политехнического университета  |f 2002-  |g Долсанма Саяновна  |3 (RuTPU)RU\TPU\pers\47280 
701 1 |a Волов  |b А. А.  |c специалист в области материаловедения  |c инженер Томского политехнического университета  |f 1998-  |g Артем Александрович  |3 (RuTPU)RU\TPU\pers\47281 
702 1 |a Сурменев  |b Р. А.  |c физик  |c старший научный сотрудник Томского политехнического университета, доцент, кандидат физико-математических наук  |f 1982-  |g Роман Анатольевич  |4 727 
712 0 2 |a Национальный исследовательский Томский политехнический университет  |b Исследовательская школа химических и биомедицинских технологий  |b Научно-исследовательский центр "Физическое материаловедение и композитные материалы"  |3 (RuTPU)RU\TPU\col\24957 
801 2 |a RU  |b 63413507  |c 20220908  |g RCR 
850 |a 63413507 
856 4 |u http://earchive.tpu.ru/handle/11683/72941 
942 |c CF